菓子メーカー 売上ランキング - Statistics

General Stats
  • This quiz has been taken 364 times
  • The average score is 7 of 25
Answer Stats
順位 売上高 会社名 % Correct
2位 1,105,494 明治HD
89%
6位 213,368 森永製菓
79%
5位 303,027 カルビー
74%
4位 332,590 江崎グリコ
68%
10位 95,534 亀田製菓
68%
9位 103,717 ブルボン
48%
14位 48,222 井村屋G
44%
16位 42,581 サトウ食品
41%
8位 105,534 不二家
39%
12位 54,829 湖池屋
39%
21位 24,760 B-Rサーティワンアイスクリーム
26%
1位 1,175,562 山崎製パン
24%
20位 29,015 カンロ
20%
3位 732,933 日清食品HD
17%
23位 24,392 名糖産業
6%
24位 22,000 岩塚製菓
5%
7位 115,208 正栄食品工業
2%
18位 37,769 中村屋
2%
19位 34,933 モロゾフ
2%
11位 64,035 寿スピリッツ
1%
17位 40,420 新田ゼラチン
1%
13位 49,046 ニッピ
0%
15位 47,665 太陽化学
0%
22位 24,503 イフジ産業
0%
25位 19,137 仙波糖化工業
0%
No matching quizzes found
Score Distribution
Percent of People with Each Score
Percentile by Number Answered
Your Score History
You have not taken this quiz